Logic Puzzle #2 - Statistics

General Stats
  • This quiz has been taken 189 times
  • The average score is 7 of 20
Answers on the Grid
Answers color-coded by a green-red scale on the quiz's grid according to % correct below.
A: Every criminal is in the same row or column as another criminal.
B: The Word "PARTY" Is entirely Innocent
C: There are 5 criminals.
D: A Criminal is in a Corner.
E: In the image for this quiz, the King is being checked by 2 different pieces.
F: Every vowel is Innocent.
G: There are 2 columns and 2 rows without a criminal in them
H
I: If Playing Wordle where the correct answer is the 5 Criminals in alphabetical order, "VAPED" would contain 2 Yellows.
J: S is Innocent
K: Most criminals are in the creator of this quiz's username.
L
M: 2 Criminals are orthagonally adjacent.
N
O: F is Innocent
P: I share a column or row with at least 2 criminals.
Q: 2 Criminals are contained in the word "BEVERAGE"
R: There is a criminal with no statement.
S: P is a Criminal
T
U: It is impossible to place a Tetris Piece on this board that covers up 3 or more criminals.
V: Every other letter in Row 5 is innocent.
W
X: Everybody making a reference to a game is Innocent.
Y: There are more vowels that are criminals than there are criminals in the word "CHICKEN"
 
Answer Stats
Answer % Correct
C: There are 5 criminals.
69%
E: In the image for this quiz, the King is being checked by 2 different pieces.
69%
A: Every criminal is in the same row or column as another criminal.
56%
I: If Playing Wordle where the correct answer is the 5 Criminals in alphabetical order, "VAPED" would contain 2 Yellows.
51%
U: It is impossible to place a Tetris Piece on this board that covers up 3 or more criminals.
49%
F: Every vowel is Innocent.
41%
O: F is Innocent
41%
D: A Criminal is in a Corner.
36%
H
31%
X: Everybody making a reference to a game is Innocent.
31%
S: P is a Criminal
30%
K: Most criminals are in the creator of this quiz's username.
28%
G: There are 2 columns and 2 rows without a criminal in them
27%
N
26%
L
25%
R: There is a criminal with no statement.
24%
Q: 2 Criminals are contained in the word "BEVERAGE"
23%
W
22%
J: S is Innocent
21%
M: 2 Criminals are orthagonally adjacent.
15%
No matching quizzes found
Score Distribution
Percent of People with Each Score
Percentile by Number Answered
Your Score History
You have not taken this quiz